00302nam a2200121Ia 4500008004100000020001800041041000800059082002100067100001600088245003600104260003100140300000900171230411s9999 xx 000 0 und d a81-87662-65-4 aeng aX/820/VAS/B04052 aVaswani J P aSecrets Of Health And Happiness bGita Publishig HouseaPune a185p